000 00831nam a2200265Ia 4500
005 20220316235529.0
008 121119s2000 sp a gr 000 j spa
020 _a8495150689
041 1 _aspa
100 1 _aAshbe, Jeanne
245 1 0 _aAdiós!
_cJeanne Asnbe ; traducción, Anna Coll-Vinet
250 _aPrimera edición
300 _a24 páginas
_bilustraciones
_c17 cm
650 1 4 _aCuentos infantiles franceses
_2LEMB
650 1 4 _aLiteratura infantil francesa
_2LEMB
650 1 4 _aLibros ilustrados para niños
_2LEMB
700 1 _aColl-Vinent, Ana
_etraductor
_938474
942 _2loc
_cBKINF
264 _aBarcelona
_bCorimbo
_c2000
336 _atexto
_btxt
_2rdacontent
337 _asin mediación
_bn
_2rdamedia
338 _avolumen
_bnc
_2rdacarrier
040 _aCO-BoRNBP
_bspa
_erda
_cCO-BoRNBP
084 _aA ASH1
999 _c1249
_d1249